[Event "TUR-chT2"]
[Site "Konya"]
[Date "2015.07.28"]
[Round "5.6"]
[White "Turkkan, Ece"]
[Black "Dai, Irmak"]
[Result "0-1"]
[WhiteElo "1530"]
[BlackElo "1686"]
[PlyCount "32"]
[EventDate "2015.07.25"]
[EventType "team-swiss"]
[EventRounds "9"]
[EventCountry "TUR"]
[SourceTitle "CBM 167 Extra"]
[Source "ChessBase"]
[SourceDate "2015.09.14"]
[SourceVersion "1"]
[SourceVersionDate "2015.09.14"]
[SourceQuality "1"]
[WhiteTeam "Istanbul Darussafaka"]
[BlackTeam "Gaziantep Sader"]
[WhiteTeamCountry "TUR"]
[BlackTeamCountry "TUR"]

1. d4 d5 2. c4 e6 3. Nc3 Nf6 4. cxd5 exd5 5. Bg5 Be7 6. e3 0-0 7. Bd3 Nbd7 8. Qc2 h6 9. Bh4 Re8 10. Nge2 c6 11. 0-0 Nf8 12. Rab1 Be6 13. b4 Rc8 14. e4 Nh5 15. Bxe7 Qxe7 16. Qb2 Nd7 0-1

[Event "TUR-chT2"]
[Site "Konya"]
[Date "2015.07.26"]
[Round "3.7"]
[White "Dai, Irmak"]
[Black "Incecik, Seyma Zeynep"]
[Result "1-0"]
[WhiteElo "1686"]
[BlackElo "1514"]
[PlyCount "35"]
[EventDate "2015.07.25"]
[EventType "team-swiss"]
[EventRounds "9"]
[EventCountry "TUR"]
[SourceTitle "CBM 167 Extra"]
[Source "ChessBase"]
[SourceDate "2015.09.14"]
[SourceVersion "1"]
[SourceVersionDate "2015.09.14"]
[SourceQuality "1"]
[WhiteTeam "Gaziantep Sader"]
[BlackTeam "Burdur Callica"]
[WhiteTeamCountry "TUR"]
[BlackTeamCountry "TUR"]

1. e4 d5 2. exd5 Nf6 3. d4 Bg4 4. Be2 Bxe2 5. Qxe2 Qxd5 6. Nf3 Nc6 7. c4 Qf5 8. 0-0 Nb4 9. Na3 Qd3 10. Qe5 c6 11. Qc7 e6 12. Ne5 Qxd4 13. Qxf7+ Kd8 14. Qxb7 Qxe5 15. Qxa8+ Kd7 16. Qxa7+ Ke8 17. g3 Qf5 18. Re1 1-0

[Event "TUR-chT2"]
[Site "Konya"]
[Date "2014.06.25"]
[Round "4.11"]
[White "Demirelli, Leman"]
[Black "Dai, Irmak"]
[Result "1/2-1/2"]
[WhiteElo "1483"]
[BlackElo "1558"]
[PlyCount "74"]
[EventDate "2014.06.23"]
[EventType "team-swiss"]
[EventRounds "9"]
[EventCountry "TUR"]
[SourceTitle "CBM 161 Extra"]
[Source "ChessBase"]
[SourceDate "2014.08.29"]
[SourceVersion "1"]
[SourceVersionDate "2014.08.29"]
[SourceQuality "1"]
[WhiteTeam "Er Bakir"]
[BlackTeam "Sader"]
[WhiteTeamCountry "TUR"]
[BlackTeamCountry "TUR"]

1. d4 d5 2. Nf3 Nf6 3. c4 e6 4. Nc3 c6 5. Bg5 Be7 6. e3 0-0 7. Qc2 Nbd7 8. Bd3 h6 9. Bh4 dxc4 10. Bxc4 b5 11. Bd3 Bb7 12. Be2 Rc8 13. 0-0 g6 14. Rac1 c5 15. dxc5 Nxc5 16. Qb1 Qb6 17. Rfd1 Rfd8 18. Rxd8+ Rxd8 19. Rd1 Nce4 20. Bxf6 Nxf6 21. a3 Nd5 22. Nxd5 Rxd5 23. Rxd5 Bxd5 24. Qc1 Qb7 25. h3 Bf6 26. Qd2 Qc6 27. Ne1 Kf8 28. Bf3 Bxf3 29. Nxf3 Ke7 30. Nd4 Qd6 31. Qc3 Kd7 32. Qa5 Be5 33. Qe1 Bxd4 34. exd4 Qxd4 35. Qb1 Kd6 36. Qc2 g5 37. Qe2 Ke7 1/2-1/2

[Event "EU-ch (Women) 13th"]
[Site "Gaziantep"]
[Date "2012.03.04"]
[Round "3"]
[White "Dai, Irmak"]
[Black "Motycakova, Monika"]
[Result "0-1"]
[WhiteElo "1592"]
[BlackElo "2087"]
[PlyCount "44"]
[EventDate "2012.03.02"]
[EventType "swiss"]
[EventRounds "11"]
[EventCountry "TUR"]
[SourceTitle "CBM 147 Extra"]
[Source "ChessBase"]
[SourceDate "2012.04.24"]
[SourceVersion "1"]
[SourceVersionDate "2012.04.24"]
[SourceQuality "1"]

1. e4 e5 2. Nf3 Nc6 3. Bb5 f5 4. d3 Bc5 5. 0-0 d6 6. a3 Nf6 7. Nc3 0-0 8. Bc4+ Kh8 9. Ng5 Qe7 10. Nd5 Nxd5 11. Bxd5 f4 12. Nxh7 Rd8 13. Qh5 g6 14. Qxg6 Qg7 15. Qxg7+ Kxg7 16. Ng5 Kf6 17. Nf3 Bg4 18. Nd2 Nd4 19. c3 Ne2+ 20. Kh1 Rh8 21. Nb3 Rxh2+ 22. Kxh2 Rh8# 0-1

[Event "EU-ch (Women) 13th"]
[Site "Gaziantep"]
[Date "2012.03.03"]
[Round "2"]
[White "Umudova, Nargiz"]
[Black "Dai, Irmak"]
[Result "1-0"]
[WhiteElo "2220"]
[BlackElo "1592"]
[PlyCount "87"]
[EventDate "2012.03.02"]
[EventType "swiss"]
[EventRounds "11"]
[EventCountry "TUR"]
[SourceTitle "CBM 147 Extra"]
[Source "ChessBase"]
[SourceDate "2012.04.24"]
[SourceVersion "1"]
[SourceVersionDate "2012.04.24"]
[SourceQuality "1"]

1. e4 c5 2. Nf3 d6 3. d3 Nc6 4. g3 g6 5. Bg2 Bg7 6. 0-0 Nf6 7. Nc3 0-0 8. h3 Bd7 9. Be3 Rc8 10. Qd2 a6 11. Bh6 b5 12. Bxg7 Kxg7 13. Nh2 e6 14. f4 Nd4 15. g4 Bc6 16. Rf2 d5 17. e5 Nd7 18. Nd1 b4 19. c3 bxc3 20. bxc3 Nb5 21. g5 Rh8 22. Ng4 d4 23. c4 Na7 24. Qe1 Rg8 25. Rd2 Bxg2 26. Kxg2 Qa5 27. Ndf2 Qc7 28. Ne4 Qc6 29. Kg1 Kh8 30. Nh6 Rg7 31. Rb2 Rf8 32. Rab1 Nc8 33. Qa5 Ne7 34. Rb7 Qc8 35. Qa4 Nc6 36. Nd6 Qd8 37. Qxc6 Nb8 38. Ndxf7+ Rgxf7 39. Nxf7+ Kg8 40. Rxb8 Qxb8 41. Rxb8 Rxb8 42. Qxe6 Kg7 43. Qf6+ Kg8 44. Nh6# 1-0

[Event "TUR-chT2"]
[Site "Konya"]
[Date "2011.07.06"]
[Round "4"]
[White "Dai, Irmak"]
[Black "Temel, Burcu Melis"]
[Result "0-1"]
[WhiteElo "1511"]
[BlackElo "1595"]
[PlyCount "130"]
[EventDate "2011.07.04"]
[EventType "team-swiss"]
[EventRounds "9"]
[EventCountry "TUR"]
[SourceTitle "CBM 143 Extra"]
[Source "ChessBase"]
[SourceDate "2011.08.29"]
[SourceVersion "1"]
[SourceVersionDate "2011.08.29"]
[SourceQuality "1"]
[WhiteTeam "Kahramanmaras Belediye"]
[BlackTeam "Mersin Akdeniz Belediyesi"]
[WhiteTeamCountry "TUR"]
[BlackTeamCountry "TUR"]

1. e4 c5 2. Nf3 Nc6 3. d4 cxd4 4. Nxd4 g6 5. Nc3 Bg7 6. Be3 Nf6 7. f3 0-0 8. Qd2 d5 9. Nb3 dxe4 10. fxe4 Qxd2+ 11. Nxd2 Nb4 12. Bd3 Rd8 13. Ke2 Bg4+ 14. Nf3 Nd7 15. Bd2 Ne5 16. h3 Bxf3+ 17. gxf3 Nbxd3 18. cxd3 Rxd3 19. f4 Rad8 20. Nd5 e6 21. fxe5 Rxd2+ 22. Kxd2 exd5 23. exd5 Rxd5+ 24. Kc2 Rxe5 25. Rae1 Rc5+ 26. Kb1 Bf6 27. Rhf1 Kg7 28. Rd1 Rc7 29. Rd3 b6 30. Rfd1 Re7 31. R3d2 Re3 32. Rh1 h5 33. Kc2 g5 34. Rg2 Kg6 35. Kd2 Re6 36. b3 Rd6+ 37. Ke3 Bd4+ 38. Kf3 Bc5 39. Ke2 Re6+ 40. Kd2 Rd6+ 41. Kc2 Re6 42. Kd2 Rd6+ 43. Kc2 f6 44. Rd2 Re6 45. Rg2 a5 46. Kd2 Re5 47. Re2 Rd5+ 48. Kc2 Rf5 49. Rg2 Rf3 50. Kd2 Rf5 51. Kc2 Rf4 52. Kd2 f5 53. Re2 Kf6 54. Rg2 Rh4 55. Rg3 f4 56. Rf3 Be3+ 57. Rxe3 fxe3+ 58. Kxe3 g4 59. Rf1+ Kg5 60. hxg4 Rxg4 61. Rf2 h4 62. Rh2 Rg3+ 63. Kf2 Kg4 64. Rh1 h3 65. Rh2 Kf4 0-1

[Event "World School-ch U13 Girls 6th"]
[Site "Kayseri"]
[Date "2010.07.26"]
[Round "6"]
[White "Abdimanoglu, Beste Basak"]
[Black "Dai, Irmak"]
[Result "1-0"]
[WhiteElo "1765"]
[BlackElo "1507"]
[PlyCount "129"]
[EventDate "2010.07.21"]
[EventType "swiss"]
[EventRounds "9"]
[EventCountry "TUR"]
[SourceTitle "CBM 137 Extra"]
[Source "ChessBase"]
[SourceDate "2010.09.01"]
[SourceVersion "1"]
[SourceVersionDate "2010.09.01"]
[SourceQuality "1"]

1. d4 Nf6 2. c4 g6 3. Nc3 Bg7 4. e4 d6 5. Nf3 0-0 6. Be2 e5 7. 0-0 Re8 8. dxe5 dxe5 9. Qxd8 Rxd8 10. Bg5 Re8 11. Bxf6 Bxf6 12. Nd5 Bd8 13. b4 c6 14. Ne3 Nd7 15. Rfd1 Bc7 16. h3 Nf6 17. Bd3 b6 18. Rac1 a5 19. a3 Bb7 20. Bb1 axb4 21. axb4 Rad8 22. Bc2 Bc8 23. Ba4 Bd7 24. Bc2 Nh5 25. b5 Nf4 26. bxc6 Bxc6 27. Kf1 Ne6 28. Ng4 Kg7 29. Ngxe5 Bxe5 30. Nxe5 Rxd1+ 31. Rxd1 Bxe4 32. Bxe4 Nc5 33. Nxf7 Rxe4 34. Nd6 Re6 35. Nb5 Nb3 36. Nd4 Nxd4 37. Rxd4 Kf6 38. f3 Kf5 39. Kf2 g5 40. Rd5+ Kf6 41. g3 h5 42. h4 gxh4 43. gxh4 Kg6 44. Kg3 Rc6 45. Rd4 Kf5 46. Rd5+ Kg6 47. Rd4 Kf5 48. Kf2 Rc5 49. Ke3 b5 50. cxb5 Rxb5 51. Rf4+ Ke5 52. Re4+ Kf5 53. Kf2 Re5 54. Rxe5+ Kxe5 55. Ke3 Kf5 56. f4 Kg4 57. Ke4 Kxh4 58. f5 Kg3 59. f6 h4 60. f7 h3 61. f8Q Kg2 62. Qf3+ Kh2 63. Qf2+ Kh1 64. Kf3 h2 65. Qf1# 1-0

[Event "World School-ch U13 Girls 6th"]
[Site "Kayseri"]
[Date "2010.07.23"]
[Round "3"]
[White "Dai, Irmak"]
[Black "Akgul, Beyza"]
[Result "1-0"]
[WhiteElo "1507"]
[BlackElo "1641"]
[PlyCount "147"]
[EventDate "2010.07.21"]
[EventType "swiss"]
[EventRounds "9"]
[EventCountry "TUR"]
[SourceTitle "CBM 137 Extra"]
[Source "ChessBase"]
[SourceDate "2010.09.01"]
[SourceVersion "1"]
[SourceVersionDate "2010.09.01"]
[SourceQuality "1"]

1. e4 e6 2. d4 d5 3. Nd2 Nf6 4. e5 Nfd7 5. Bd3 c5 6. c3 Nc6 7. Ne2 Qb6 8. Nf3 cxd4 9. cxd4 Bb4+ 10. Bd2 f6 11. exf6 Nxf6 12. 0-0 Bxd2 13. Qxd2 Nb4 14. b3 Nxd3 15. Qxd3 Bd7 16. Rfe1 Bb5 17. Qc2 0-0 18. Qb2 Ne4 19. Nc3 Nxc3 20. Qxc3 Rac8 21. Qe3 Bd7 22. Ne5 Bc6 23. Rac1 Rce8 24. Nxc6 bxc6 25. Rc2 Rf7 26. Rec1 Rc7 27. Qe5 Rcc8 28. Rc5 Re7 29. Qd6 Ree8 30. Rxc6 Rxc6 31. Qxc6 Rf8 32. Qxb6 axb6 33. Rc6 Rf4 34. Kf1 b5 35. Rxe6 Rxd4 36. Ke2 Kf7 37. Rb6 Rb4 38. Kd3 Rf4 39. f3 b4 40. Rd6 Rf5 41. Kd4 Rg5 42. g4 h5 43. Rxd5 Rg6 44. Rxh5 Ra6 45. Kc4 Rxa2 46. Rf5+ Ke6 47. h4 g6 48. Rg5 Kf6 49. f4 Rf2 50. f5 Rf4+ 51. Kc5 Kg7 52. Rxg6+ Kh7 53. h5 Rf1 54. Kxb4 Rh1 55. Kc5 Rd1 56. b4 Rd8 57. b5 Rb8 58. b6 Rd8 59. Kc6 Rd1 60. b7 Rc1+ 61. Kd7 Rb1 62. Kc7 Rc1+ 63. Rc6 Re1 64. b8Q Re7+ 65. Kd6 Re1 66. Qb7+ Kh6 67. Kd5+ Kg5 68. Rg6+ Kh4 69. Re6 Rd1+ 70. Ke5 Re1+ 71. Kf6 Rf1 72. Qg2 Rxf5+ 73. gxf5 Kxh5 74. Qg5# 1-0

[Event "World School-ch U13 Girls 6th"]
[Site "Kayseri"]
[Date "2010.07.21"]
[Round "1"]
[White "Dai, Irmak"]
[Black "Egorova, Ayyna"]
[Result "0-1"]
[WhiteElo "1507"]
[BlackElo "1836"]
[PlyCount "38"]
[EventDate "2010.07.21"]
[EventType "swiss"]
[EventRounds "9"]
[EventCountry "TUR"]
[SourceTitle "CBM 137 Extra"]
[Source "ChessBase"]
[SourceDate "2010.09.01"]
[SourceVersion "1"]
[SourceVersionDate "2010.09.01"]
[SourceQuality "1"]

1. e4 c5 2. Nf3 d6 3. d4 cxd4 4. Nxd4 Nf6 5. Nc3 g6 6. f3 Bg7 7. Be3 0-0 8. Qd2 Nc6 9. 0-0-0 d5 10. exd5 Nxd5 11. Nxc6 bxc6 12. Nxd5 cxd5 13. Qxd5 Qc7 14. Kb1 Bf5 15. Bd3 Rab8 16. Bc1 Qc3 17. Ka1 Rxb2 18. Qc4 Rb1+ 19. Kxb1 Qa1# 0-1